<?xml version="1.0" encoding="UTF-8"?>
<record
    xmlns:xsi="http://www.w3.org/2001/XMLSchema-instance"
    xsi:schemaLocation="http://www.loc.gov/MARC21/slim http://www.loc.gov/standards/marcxml/schema/MARC21slim.xsd"
    xmlns="http://www.loc.gov/MARC21/slim">

  <leader>00579nam a22001217a 4500</leader>
  <datafield tag="040" ind1=" " ind2=" ">
    <subfield code="c">RUA</subfield>
  </datafield>
  <datafield tag="082" ind1=" " ind2=" ">
    <subfield code="a">VEM RET 2019 B1-530 Or.</subfield>
  </datafield>
  <datafield tag="100" ind1=" " ind2=" ">
    <subfield code="a">RET SIREYROTH,&#x179A;&#x17C9;&#x17C1;&#x178F; &#x179F;&#x17B7;&#x179A;&#x17B8;&#x179A;&#x17D0;&#x178F;&#x17D2;&#x1793;</subfield>
  </datafield>
  <datafield tag="245" ind1=" " ind2=" ">
    <subfield code="a">GASTRO-INTESTINAL PARASITES OF CATTLE AT KDERNGRAY COMMUNE,KANHCHRACH DISTRICT,PREY VENG PROVINCE,&#x1794;&#x179A;&#x17B6;&#x179F;&#x17B7;&#x178F;&#x1780;&#x17D2;&#x1793;&#x17BB;&#x1784;&#x1780;&#x17D2;&#x179A;&#x1796;&#x17C7;&#x1796;&#x17C4;&#x17C7;&#x179C;&#x17C0;&#x1793;&#x1782;&#x17C5;&#x1793;&#x17C5;&#x1783;&#x17BB;&#x17C6;&#x1780;&#x17D2;&#x178F;&#x17BF;&#x1784;&#x179A;&#x17B6;&#x1799;&#x179F;&#x17D2;&#x179A;&#x17BB;&#x1780;&#x1780;&#x1789;&#x17D2;&#x1785;&#x17C0;&#x1785; &#x1781;&#x17C1;&#x178F;&#x17D2;&#x178F;&#x1796;&#x17D2;&#x179A;&#x17C3;&#x179C;&#x17C2;&#x1784;</subfield>
  </datafield>
  <datafield tag="260" ind1=" " ind2=" ">
    <subfield code="a">phnom penh</subfield>
    <subfield code="b">rua</subfield>
    <subfield code="c">2019</subfield>
  </datafield>
  <datafield tag="300" ind1=" " ind2=" ">
    <subfield code="a">viii.38p.</subfield>
    <subfield code="b">ill.</subfield>
    <subfield code="c">29cm.</subfield>
  </datafield>
  <datafield tag="942" ind1=" " ind2=" ">
    <subfield code="c">VEM</subfield>
  </datafield>
  <datafield tag="999" ind1=" " ind2=" ">
    <subfield code="c">21769</subfield>
    <subfield code="d">21769</subfield>
  </datafield>
  <datafield tag="952" ind1=" " ind2=" ">
    <subfield code="0">0</subfield>
    <subfield code="1">0</subfield>
    <subfield code="4">0</subfield>
    <subfield code="6">VEM_RET_2019_000000000000000_B1530_OR</subfield>
    <subfield code="7">0</subfield>
    <subfield code="9">94740</subfield>
    <subfield code="a">LBB</subfield>
    <subfield code="b">LBB</subfield>
    <subfield code="c">B1.530</subfield>
    <subfield code="d">2023-08-25</subfield>
    <subfield code="o">VEM RET 2019 B1-530 Or.</subfield>
    <subfield code="p">a72427</subfield>
    <subfield code="r">2023-08-25</subfield>
    <subfield code="y">VEM</subfield>
  </datafield>
  <datafield tag="952" ind1=" " ind2=" ">
    <subfield code="0">0</subfield>
    <subfield code="1">0</subfield>
    <subfield code="4">0</subfield>
    <subfield code="6">VEM_RET_2019_000000000000000_B1530_OR</subfield>
    <subfield code="7">0</subfield>
    <subfield code="9">94741</subfield>
    <subfield code="a">LBB</subfield>
    <subfield code="b">LBB</subfield>
    <subfield code="c">B1.530</subfield>
    <subfield code="d">2023-08-25</subfield>
    <subfield code="o">VEM RET 2019 B1-530 Or.</subfield>
    <subfield code="p">a72349</subfield>
    <subfield code="r">2023-08-25</subfield>
    <subfield code="y">VEM</subfield>
  </datafield>
  <datafield tag="952" ind1=" " ind2=" ">
    <subfield code="0">0</subfield>
    <subfield code="1">0</subfield>
    <subfield code="4">0</subfield>
    <subfield code="6">VEM_RET_2019_000000000000000_B1530_OR</subfield>
    <subfield code="7">0</subfield>
    <subfield code="9">94742</subfield>
    <subfield code="a">LBB</subfield>
    <subfield code="b">LBB</subfield>
    <subfield code="c">B1.530</subfield>
    <subfield code="d">2023-08-25</subfield>
    <subfield code="o">VEM RET 2019 B1-530 Or.</subfield>
    <subfield code="p">a72198</subfield>
    <subfield code="r">2023-08-25</subfield>
    <subfield code="y">VEM</subfield>
  </datafield>
  <datafield tag="952" ind1=" " ind2=" ">
    <subfield code="0">0</subfield>
    <subfield code="1">0</subfield>
    <subfield code="4">0</subfield>
    <subfield code="6">VEM_RET_2019_000000000000000_B1530_OR</subfield>
    <subfield code="7">0</subfield>
    <subfield code="9">94743</subfield>
    <subfield code="a">LBB</subfield>
    <subfield code="b">LBB</subfield>
    <subfield code="c">B1.530</subfield>
    <subfield code="d">2023-08-25</subfield>
    <subfield code="o">VEM RET 2019 B1-530 Or.</subfield>
    <subfield code="p">a72654</subfield>
    <subfield code="r">2023-08-25</subfield>
    <subfield code="y">VEM</subfield>
  </datafield>
  <datafield tag="952" ind1=" " ind2=" ">
    <subfield code="0">0</subfield>
    <subfield code="1">0</subfield>
    <subfield code="4">0</subfield>
    <subfield code="6">VEM_RET_2019_000000000000000_B1530_OR</subfield>
    <subfield code="7">0</subfield>
    <subfield code="9">94744</subfield>
    <subfield code="a">LBB</subfield>
    <subfield code="b">LBB</subfield>
    <subfield code="c">B1.530</subfield>
    <subfield code="d">2023-08-25</subfield>
    <subfield code="o">VEM RET 2019 B1-530 Or.</subfield>
    <subfield code="p">a72121</subfield>
    <subfield code="r">2023-08-25</subfield>
    <subfield code="y">VEM</subfield>
  </datafield>
  <datafield tag="952" ind1=" " ind2=" ">
    <subfield code="0">0</subfield>
    <subfield code="1">0</subfield>
    <subfield code="4">0</subfield>
    <subfield code="6">VEM_RET_2019_000000000000000_B1530_OR</subfield>
    <subfield code="7">0</subfield>
    <subfield code="9">94745</subfield>
    <subfield code="a">LBB</subfield>
    <subfield code="b">LBB</subfield>
    <subfield code="c">B1.530</subfield>
    <subfield code="d">2023-08-25</subfield>
    <subfield code="o">VEM RET 2019 B1-530 Or.</subfield>
    <subfield code="p">a71946</subfield>
    <subfield code="r">2023-08-25</subfield>
    <subfield code="y">VEM</subfield>
  </datafield>
</record>
